Tours rapides Moto3 - Statistiques

Statistiques générales
  • Ce quiz a été pris 2 fois
  • Le résultat moyen est 40 sur 74
Statistiques - réponses
Tours rapides 1er Meilleur tour Pilotes Pays % Correct
2 Thaïlande 2019 Ai Ogura Japon
100%
1 Europe 2020 Albert Arenas Espagne
100%
7 Catalogne 2012 Alex Marquez Espagne
100%
5 Misano 2012 Alex Rins Espagne
100%
4 Jerez 2017 Andrea Migno Italie
100%
9 Le Mans 2016 Aron Canet Espagne
100%
8 Styrie 2020 Ayumu Sasaki Japon
100%
7 Sachsenring 2014 Brad Binder Afrique du Sud
100%
1 Sachsenring 2019 Can Öncü Turquie
100%
5 Sachsenring 2023 Daniel Holgado Espagne
100%
4 Aragon 2012 Danny Kent Royaume-Uni
100%
6 Japon 2018 Darryn Binder Afrique du Sud
100%
6 Autriche 2023 David Alonso Colombie
100%
7 Sachsenring 2022 Deniz Öncü Turquie
100%
3 Qatar 2015 Enea Bastianini Italie
100%
3 Qatar 2017 Fabio Di Giannantonio Italie
100%
2 Le Mans 2014 Francesco Bagnaia Italie
100%
1 Phillip Island 2014 Jack Miller Australie
100%
5 Argentine 2016 Joan Mir Espagne
100%
5 Catalogne 2017 Jorge Martin Espagne
100%
6 Catalogne 2024 Jose Antonio Rueda Espagne
100%
4 Qatar 2012 Maverick Viñales Espagne
100%
6 Mugello 2012 Miguel Oliveira Portugal
100%
1 Assen 2021 Pedro Acosta Espagne
100%
1 Portugal 2020 Raul Fernandez Espagne
100%
14 Jerez 2012 Romano Fenati Italie
100%
1 Malaisie 2017 Adam Norrodin Malaisie
50%
2 Assen 2024 Adrian Fernandez Espagne
50%
1 Qatar 2014 Alexis Masbou France
50%
2 Jerez 2018 Alonso Lopez Espagne
50%
4 Misano 2024 Angel Piqueras Espagne
50%
2 Autriche 2019 Celestino Vietti Italie
50%
3 Silverstone 2023 Collin Veijer Pays-Bas
50%
5 Autriche 2022 David Muñoz Espagne
50%
4 Thaïlande 2018 Dennis Foggia Italie
50%
5 Phillip Island 2017 Gabriel Rodrigo Argentine
50%
1 Japon 2015 Isaac Viñales Espagne
50%
4 COTA 2023 Ivan Ortola Espagne
50%
6 Jerez 2021 Izan Guevara Espagne
50%
2 Le Mans 2012 Jakub Kornfeil Tchéquie
50%
15 Autriche 2017 Jaume Masia Espagne
50%
1 Qatar 2019 Kaito Toba Japon
50%
1 Sachsenring 2016 Khairul Idham Pawi Malaisie
50%
1 Qatar 2016 Livio Loi Belgique
50%
3 Autriche 2018 Lorenzo Dalla Porta Italie
50%
4 Misano 2015 Niccolo Antonelli Italie
50%
2 Silverstone 2016 Nicolo Bulega Italie
50%
2 Le Mans 2021 Ricardo Rossi Italie
50%
4 Estoril 2012 Sandro Cortese Allemagne
50%
4 Jerez 2020 Sergio Garcia Espagne
50%
3 Silverstone 2025 Taiyo Furusato Japon
50%
4 Silverstone 2019 Tatsuki Suzuki Japon
50%
1 Valence 2018 Tony Arbolino Italie
50%
3 Assen 2012 Zulfahmi Khairuddin Malaisie
50%
2 Japon 2012 Alessandro Tonucci Italie
0%
3 Le Mans 2025 Alvaro Carpe Espagne
0%
2 Misano 2016 Andrea Locatelli Italie
0%
3 Mugello 2014 Efren Vazquez Espagne
0%
1 Malaisie 2025 Hakim Danish Malaisie
0%
1 Le Mans 2024 Joel Esteban Espagne
0%
1 Assen 2025 Joel Kelso Australie
0%
4 Catalogne 2014 John McPhee Royaume-Uni
0%
1 Qatar 2013 Jonas Folger Allemagne
0%
1 Assen 2015 Jorge Navarro Espagne
0%
3 Misano 2014 Juanfran Guevara Espagne
0%
2 Thaïlande 2024 Luca Lunetta Italie
0%
6 Brno 2012 Luis Salom Espagne
0%
2 Valence 2017 Marcos Ramirez Espagne
0%
1 COTA 2025 Matteo Bertelle Italie
0%
2 Aragon 2013 Philipp Öttl Allemagne
0%
3 Misano 2020 Ryusei Yamanaka Japon
0%
2 Doha 2021 Stefano Nepa Italie
0%
1 Misano 2025 Valentin Perrone Argentine
0%
2 Qatar 2021 Xavier Artigas Espagne
0%
Aucun quiz correspondant
Distribution des résultats
% des personnes avec chaque résultat
Percentile par nombre de réponses
Votre historique - résultats
Vous n’avez pas pris ce quiz